Experimental design: Theory and application (Record no. 20910)

MARC details
000 -LEADER
fixed length control field 00327nam a2200121Ia 4500
082 ## - DEWEY DECIMAL CLASSIFICATION NUMBER
Classification number 311
Item number FED
100 ## - MAIN ENTRY--AUTHOR NAME
Personal name FEDERER, Walter T
245 #0 - TITLE STATEMENT
Title Experimental design: Theory and application
260 ## - PUBLICATION, DISTRIBUTION, ETC. (IMPRINT)
Place of publication Calcutta
Name of publisher Oxford & IBH
Year of publication 1955
650 ## - SUBJECT ADDED ENTRY--TOPICAL TERM
Topical Term Experimental design
942 ## - ADDED ENTRY ELEMENTS (KOHA)
Koha item type Books
Holdings
Withdrawn status Lost status Damaged status Not for loan Home library Current library Date acquired Full call number Accession Number Koha item type
        RRII Library RRII Library 16/12/2021 311 FED 01632 Books